| 000 | 01776cam a22005174i 4500 | ||
|---|---|---|---|
| 003 | PE-LiUPU | ||
| 005 | 20250731165509.0 | ||
| 008 | 180130s2017 mx a r 001 0 spa d | ||
| 020 | _a9789587782233 | ||
| 035 | _a(Sirsi) a241105 | ||
| 040 |
_aPE-LiUPU _bspa _cPE-LiUPU _erda |
||
| 049 | _aPRUA | ||
| 082 | 0 | 4 |
_a006.3 _bG24 _223 |
| 100 | 1 |
_aGarcía Serrano, Alberto, _eautor. |
|
| 245 | 1 | 0 |
_aInteligencia artificial : _bfundamentos, práctica y aplicaciones / _cAlberto García Serrano. |
| 250 | _aSegunda edición. | ||
| 264 | 1 |
_aMéxico : _bAlfaomega, _c2017. |
|
| 300 |
_aIX, 285 páginas : _bilustraciones ; _c23 centímetros |
||
| 336 |
_atext _2rdacontent |
||
| 337 |
_aunmediated _2rdamedia |
||
| 338 |
_avolume _2rdacarrier |
||
| 504 | _aÍndice : páginas 283-285. | ||
| 505 | 0 | _aIntroducción a la inteligencia artificial -- IA y resolución de problemas -- Búsqueda no informada -- Búsqueda informada -- Juegos -- Razonamiento -- Aprendizaje. | |
| 526 | _aSEG44 | ||
| 526 | _aSEG26 | ||
| 526 | _aP151 | ||
| 526 | _aP150 | ||
| 526 | _aP149 | ||
| 526 | _aP146 | ||
| 526 | _aP145 | ||
| 526 | _aP126 | ||
| 526 | _aP125 | ||
| 526 | _aP92 | ||
| 526 | _aP75 | ||
| 526 | _aP74 | ||
| 526 | _aP27 | ||
| 526 | _aP15 | ||
| 541 | _g001-0042354; | ||
| 650 | 0 | 4 | _aInteligencia artificial. |
| 650 | 0 | 4 | _aArtificial intelligence. |
| 910 |
_adbm _bncf _cncf _d20180130 |
||
| 942 |
_2ddc _cBOOK |
||
| 994 |
_aC0 _bPEPRU |
||
| 596 | _a1 | ||
| 999 |
_a006.3 G24 _wDEWEY _c26746 _i78271 _d26746 _e2019-10-29 _f2021-11-9 _g4 _lCCODEBUL1 _mBUL _n10 _p30.17 _q4 _r0 _sY _tBOOK _u2018-1-30 _xINGENIERIA _PP27 _0COMPRA _o.STAFF. Colección Ingeniería y Arquitectura |
||
| 980 |
_81 _gALBERTO SANCHEZ Responsable de Automatización |
||